LEADER 01347nam a2200301 u 4500 001 000000121045 003 CaOOAMICUS 005 20100408101810.0 008 100408s1975 ne u000 u eng r 040 $aPUL$bita$dMCT 100 1 $aOuden, Bernard D. den.$0(OLS)http://pul/name/75800 245 10$aLanguage and creativity :$ban interdisciplinary essay in Chomskyan humanism /$cBernard D. den Ouden. 260 $aLisse :$bPeter de Ridder,$c1975. 300 $a107 p. ;$c24 cm 490 1 $aPhilosophy of language ;$v1 504 $aInclude riferimenti bibliografici. 600 14$aChomsky, Noam,$d1928-$0(OLS)http://pul/subject/36693 650 4$aLinguistica$xStudi.$0(OLS)http://pul/subject/1953 650 4$aFilosofia del linguaggio.$0(OLS)http://pul/subject/8316 830 0$aPhilosophy of language ;$v1.$0(OLS)http://pul/title/152241 850 $aPUL 852 $aPUL$W1$xDP1 Filosofia 1$y19$m587 L 54$j138789$qStampati$B138030$CPULBib$Z2$F138030 $H63878 $82 941 1 $a8 960 $aLinguaggio$xFilosofia$98316 960 $aLinguaggio e filosofia$98316 960 $aLinguaggio e pensiero$98316 996 $6245$aLanguage and creativity :$ban interdisciplinary essay in Chomskyan humanism$9(OLS)http://pul/title/152239 996 $6260$aLisse :$bPeter de Ridder$9(OLS)http://pul/publisher/77652 LEADER 01274nam a2200289 a 4500 001 000000163737 003 CaOOAMICUS 005 20171026105019.0 008 171026s1977 it d u000 u ita r 032 $aLibriCat 040 $aPUL$bita 100 1 $aGiannotti, Savino.$0(OLS)http://pul/name/105189 245 10$aGiovani operai e religiositą popolare /$cSavino Giannotti. 260 $aRoma :$bLAS,$c©1977. 300 $a174 p. :$bgrafici ;$c24 cm. 490 1 $aEnciclopedia delle scienze dell'educazione ;$v22 502 $aTesi. Universitą Pontificia Salesiana. 1977. 504 $aBibliografia in nota a pič pagina. 650 4$aReligiositą popolare.$0(OLS)http://pul/subject/12410 710 2 $aPontificia Universitą Salesiana.$bFacoltą di scienze dell'educazione.$kTesi.$0(OLS)http://pul/name/81614 830 0$aEnciclopedia delle scienze dell'educazione ;$v22.$0(OLS)http://pul/title/134150 850 $aPUL 852 $aPUL$W1$xDP1 Tesi Pon. Univ. Salesiana$y46$mTH SAL 155$j187890$qTesi$B190991$CPULBib$Z2$F190991 $H45022 $82 941 1 $a16 996 $6245$aGiovani operai e religiositą popolare$9(OLS)http://pul/title/203443 996 $6260$aRoma :$bLAS$9(OLS)http://pul/publisher/48069